000 01394nam a2200337Ia 4500
001 ebr10601767
003 CaPaEBR
006 m u
007 cr cn|||||||||
008 080807s2008 xnaa sb 000 0 eng d
010 _z 2008276449
020 _z9781877058721 (pbk.)
020 _z9781921719974
040 _aCaPaEBR
_cCaPaEBR
035 _a(OCoLC)801413523
050 1 4 _aDS558.7
_b.N67 2008eb
100 1 _aNott, Rodney.
245 1 4 _aThe Vung Tau ferry
_h[electronic resource] :
_bHMAS Sydney and escort ships : Vietnam 1965-1972 /
_cRodney Nott and Noel Payne ; foreword by JS Dickson.
260 _aAustralia :
_bRosenberg,
_c2008.
300 _a257 p. :
_bill.
504 _aIncludes bibliographical references (p. 256-257).
533 _aElectronic reproduction.
_bPalo Alto, Calif. :
_cebrary,
_d2011.
_nAvailable via World Wide Web.
_nAccess may be limited to ebrary affiliated libraries.
610 1 0 _aAustralia.
_bRoyal Australian Navy
_xHistory
_yVietnam War, 1961-1975.
610 2 0 _aSydney (Cruiser)
650 0 _aVietnam War, 1961-1975
_xNaval operations, Australian.
650 0 _aCruisers (Warships)
_zAustralia
_xHistory.
655 7 _aElectronic books.
_2local
700 1 _aPayne, Noel.
710 2 _aebrary, Inc.
856 4 0 _uhttp://site.ebrary.com/lib/rucke/Doc?id=10601767
_zAn electronic book accessible through the World Wide Web; click to view
999 _c98266
_d98266